[Event "Santa Margalida Mallorca-ch"]
[Site "Santa Margalida"]
[Date "2016.11.12"]
[Round "2"]
[White "Moya Martinez, Diego"]
[Black "Barranco Tejedor, Alejandro"]
[Result "1-0"]
[WhiteElo "1649"]
[BlackElo "1292"]
[PlyCount "38"]
[EventDate "2016.11.11"]
[EventType "swiss"]
[EventRounds "8"]
[EventCountry "ESP"]
[SourceTitle "EXT 2018"]
[Source "ChessBase"]
[SourceDate "2017.10.13"]
[SourceVersion "1"]
[SourceVersionDate "2017.10.13"]
[SourceQuality "1"]

1. d4 d5 2. c4 e6 3. Nc3 Nf6 4. Nf3 c5 5. cxd5 exd5 6. e3 Nc6 7. Be2 Be7 8. 0-0 0-0 9. a3 b6 10. b3 Be6 11. Rb1 Ne4 12. Qc2 Bf5 13. Bd3 Bf6 14. Nxe4 dxe4 15. Bxe4 Bxe4 16. Qxe4 cxd4 17. Qxc6 Re8 18. Qa4 a5 19. Nxd4 Qd5 1-0